Anuario estadístico 1972, sistema telefónico nacional
Kaydedildi:
| Müşterek Yazar: | |
|---|---|
| Materyal Türü: | Metin |
| Baskı/Yayın Bilgisi: |
San José:
El Instituto
|
| Etiketler: |
Etiketle
Etiket eklenmemiş, İlk siz ekleyin!
|
MARC
| LEADER | 00000 a a2200000 04500 | ||
|---|---|---|---|
| 001 | 17566 | ||
| 003 | |||
| 040 | |||
| 090 | |a EXTRAVIADO | ||
| 110 | |a Instituto Costarricense de Electricidad | ||
| 245 | |a Anuario estadístico 1972, sistema telefónico nacional | ||
| 260 | |a San José: |b El Instituto | ||
| 300 | |a 87 p. | ||
| 999 | |c 10279 |d 10279 | ||
